000 00390nam a2200133Ia 4500
005 20260326235454.0
008 260326s9999||||xx |||||||||||||| ||und||
100 _aWard-Perkins, John B.
245 0 _aCities of Ancient Greece and Italy :
_b Planning in classical antiquity /
_cJohn B. Ward-Perkins
260 _bGeorge Brazilier
300 _a128 p.
650 _aDISEÑO URBANO
942 _cBK
999 _c7879
_d7879